000 00565nam a2200193Ia 4500
005 20250508154655.0
008 008 250505s9999 xx 000 0 eng d
037 _aTextual
040 _aFEDL
_beng
_cFEDL
041 _aeng
_2eng
084 _a370.19, SUM
_qFEDL
100 _aSumption Merle R.
_9758232
245 0 _aSchool-community relations : A new approach
260 _aNew York, USA
_bMcGraw Hill Book Company
_c1966
300 _axv,238p.
650 _aEducation-Sociology
942 _cTEXL
_h370.19, SUM
999 _c1351534
_d1351534